| 000 | 00816cas a22002415a 4500 | ||
|---|---|---|---|
| 001 | L157917 | ||
| 008 | 110719c2008 xxkgr eng u | ||
| 035 | _a(Sirsi) u157917 | ||
| 041 | 0 | _aeng | |
| 110 | 2 |
_aLambert Smith Hampton _92865 |
|
| 245 | 0 | 0 |
_aAsset Class _h[electronic resource] |
| 260 |
_a[S.l.] _bLambert Smith Hampton _v2012 |
||
| 362 | 0 | _c2012 | |
| 490 | 0 | _aLambert Smith Hampton Asset Class | |
| 520 | _aProvides asset management insight into the UK property market, | ||
| 554 | _a2 issues per year | ||
| 650 | 2 | 4 | _aLAMBERT SMITH HAMPTON ASSET CLASS |
| 651 | 4 |
_aUnited Kingdom _y |
|
| 690 |
_aCommercial property _96227 |
||
| 690 |
_aInvestments _96250 |
||
| 856 | 4 | 0 |
_uhttps://www.lsh.co.uk _zView the report free of charge (type title in the database searchbox) at www.lsh.co.uk |
| 942 | _n0 | ||
| 999 |
_c119390 _d119390 |
||